Bệnh viện đa khoa Bình Dương : Những tấm lòng vì người bệnh /
Na minha lista:
| Autor principal: | |
|---|---|
| Outros Autores: | |
| Formato: | Atigo |
| Idioma: | Vietnamese |
| Assuntos: | |
| Tags: |
Adicionar Tag
Sem tags, seja o primeiro a adicionar uma tag!
|
| Thư viện lưu trữ: | Thư viện Trường Đại học Đà Lạt |
|---|
| LEADER | 00828nam a2200277 4500 | ||
|---|---|---|---|
| 001 | DLU130155899 | ||
| 005 | ##20131030 | ||
| 040 | # | # | |a DLU |b vie |
| 041 | # | # | |a vie |
| 044 | # | # | |a vn |
| 100 | # | # | |a Viết Sinh. |
| 245 | # | # | |a Bệnh viện đa khoa Bình Dương : |b Những tấm lòng vì người bệnh / |c Viết Sinh, Quyết Bình. |
| 653 | # | # | |a Đạo đức nghề nghiệp |
| 653 | # | # | |a Trách nhiệm |
| 653 | # | # | |a Y đức |
| 700 | # | # | |a Quyết Bình. |
| 773 | # | # | |t Tạp chí Dạy và học ngày nay |g Số 1-2, 2005, tr. 96-97 |
| 920 | # | # | |a Phòng Tạp chí -- Trung tâm Thông tin - Thư viện Trường Đại học Đà Lạt |
| 994 | # | # | |a DLU |
| 900 | # | # | |a True |
| 911 | # | # | |a Nguyễn Thị Linh Chi |
| 925 | # | # | |a G |
| 926 | # | # | |a A |
| 927 | # | # | |a BB |
| 980 | # | # | |a Thư viện Trường Đại học Đà Lạt |